书目信息 |
| 题名: |
现代绿色化学技术
|
|
| 作者: | 吕选忠 编著 | |
| 分册: | ||
| 出版信息: | 北京 中国环境科学出版社 2005 |
|
| 页数: | 275页 | |
| 开本: | 20cm | |
| 丛书名: | 现代绿色实用技术丛书 | |
| 单 册: | ||
| 中图分类: | X38 | |
| 科图分类: | ||
| 主题词: | 无污染技术 | |
| 电子资源: | ||
| ISBN: | 7-80209-217-5 | |
| 000 | 00800nam0 2200241 450 | |
| 005 | 20061205095423.32 | |
| 010 | @a7-80209-217-5@dCNY11.60 | |
| 100 | @a20060829d2004 ekmy0chiy0121 ea | |
| 101 | 0 | @achi |
| 102 | @aCN@b110000 | |
| 105 | @ay a 000yy | |
| 200 | 1 | @a现代绿色化学技术@AXian Dai Lu^ Se Hua Xue Ji Shu@f吕选忠编著@FLu^ Xuan Zhong Bian Zhu |
| 210 | @a北京@c中国环境科学出版社@d2005 | |
| 215 | @a275页@d20cm | |
| 225 | 2 | @a现代绿色实用技术丛书@v2 |
| 320 | @a有书目 (264-275页) | |
| 330 | @a本书环绕现代绿色化学的根本涵义和任务,详细地介绍了绿色化肥、绿色农药的发展、生产和使用技术情况。 | |
| 410 | 0 | @12001 @a现代绿色实用技术丛书 |
| 606 | 0 | @a无污染技术 |
| 690 | @aX38@v4 | |
| 701 | 0 | @a吕选忠@ALu^ Xuan Zhong@4编著 |
| 801 | 0 | @aCN@b中图数据@c20061205 |
| 905 | @a10447@dX38@e42 | |
| 现代绿色化学技术/吕选忠编著.-北京:中国环境科学出版社,2005 |
| 275页;20cm.-(现代绿色实用技术丛书;2) |
| ISBN 7-80209-217-5:CNY11.60 |
| 本书环绕现代绿色化学的根本涵义和任务,详细地介绍了绿色化肥、绿色农药的发展、生产和使用技术情况。 |
| ● |
| 相关链接 |
|
|
|
|
正题名:现代绿色化学技术
索取号:X38/42
 
预约/预借
| 序号 | 登录号 | 条形码 | 馆藏地/架位号 | 状态 | 备注 |
| 1 | 0605349 | 206053492 | 第二样本阅览室/ [索取号:X38/42] | 在馆 | |
| 2 | 0605350 | 206053508 | 第三借阅区/ [索取号:X38/42] | 在馆 | |
| 3 | 0605351 | 206053517 | 第三借阅区/ [索取号:X38/42] | 在馆 | |
| 4 | 0605352 | 206053526 | 第三借阅区/ [索取号:X38/42] | 在馆 | |
| 5 | 0605353 | 206053535 | 第三借阅区/ [索取号:X38/42] | 在馆 | |
| 6 | 0605354 | 206053544 | 第三借阅区/ [索取号:X38/42] | 在馆 |